[Event "March of Kings"]
[Site "Edmonton CAN"]
[Date "2009.03.14"]
[Round "1"]
[White "Pedersen, Rick"]
[Black "Ong, Simon"]
[Result "1-0"]
[WhiteElo "2019"]
[BlackElo "1638"]
[PlyCount "133"]
[GameId "2160767910231561"]
[EventDate "2009.03.14"]
[EventType "swiss"]
[EventRounds "5"]
[EventCountry "CAN"]
[SourceTitle "EXT 2011"]
[Source "ChessBase"]
[SourceDate "2011.11.26"]
[SourceVersion "1"]
[SourceVersionDate "2011.11.26"]
[SourceQuality "1"]

1. e4 c5 2. Nf3 e6 3. d4 cxd4 4. Nxd4 Nc6 5. Be3 Nf6 6. Nd2 d6 7. Be2 Be7 8. O-O O-O 9. c3 a6 10. a4 Qc7 11. f4 Re8 12. Nxc6 Qxc6 13. Bf3 Qc7 14. a5 Bd7 15. Qb3 Bc6 16. Bb6 Qd7 17. Rfd1 Bf8 18. Bf2 Be7 19. Qc2 Bd8 20. Nc4 Bc7 21. Ne5 Qe7 22. Nxc6 bxc6 23. Qa4 Rac8 24. Be2 c5 25. Qc2 d5 26. e5 Nd7 27. Bxa6 Ra8 28. Bb5 Reb8 29. Bxd7 Qxd7 30. Bxc5 Rxa5 31. b4 Rxa1 32. Rxa1 Qb5 33. Ra7 Bb6 34. Bxb6 Qxb6+ 35. Qf2 Qb5 36. Ra5 Qd3 37. Rc5 h6 38. h3 d4 39. Qxd4 Qxd4+ 40. cxd4 Rxb4 41. Rc8+ Kh7 42. Rd8 Rb1+ 43. Kf2 Rb2+ 44. Kf3 h5 45. Kg3 Rd2 46. Kf3 Rb2 47. d5 Rb3+ 48. Kf2 Rb2+ 49. Kg3 Rb3+ 50. Kh4 Rd3 51. d6 g6 52. Rd7 Kg7 53. Rc7 Kf8 54. Rc8+ Kg7 55. Rc2 Kh6 56. g4 hxg4 57. hxg4 f6 58. g5+ fxg5+ 59. fxg5+ Kg7 60. Rc7+ Kf8 61. Re7 Rd4+ 62. Kg3 Rd3+ 63. Kf4 Rd1 64. Rxe6 Rf1+ 65. Ke3 Kf7 66. Rf6+ Rxf6 67. gxf6 1-0

[Event "March of Kings"]
[Site "Edmonton CAN"]
[Date "2009.03.14"]
[Round "1"]
[White "Scholz, Mike"]
[Black "Wojtas, Artur"]
[Result "0-1"]
[WhiteElo "1451"]
[BlackElo "1973"]
[PlyCount "74"]
[GameId "2160767910231562"]
[EventDate "2009.03.14"]
[EventType "swiss"]
[EventRounds "5"]
[EventCountry "CAN"]
[SourceTitle "EXT 2011"]
[Source "ChessBase"]
[SourceDate "2011.11.26"]
[SourceVersion "1"]
[SourceVersionDate "2011.11.26"]
[SourceQuality "1"]

1. e4 c5 2. Nc3 e6 3. Bc4 a6 4. Nf3 b5 5. Be2 Bb7 6. d3 Be7 7. e5 d6 8. Bf4 dxe5 9. Bxe5 Nf6 10. O-O O-O 11. a3 Nc6 12. Bg3 Nh5 13. Ne4 Nxg3 14. Nxg3 Qc7 15. Qd2 Nd4 16. Nxd4 cxd4 17. Rac1 h6 18. Rce1 Rac8 19. Bd1 Qb8 20. Nf5 Bg5 21. Nxh6+ Bxh6 22. Qe2 Qa8 23. Qg4 Rc5 24. Qh3 Rg5 25. f3 Rd8 26. Rf2 a5 27. Rfe2 Bxf3 28. Rf2 Bxd1 29. Rxd1 Rg6 30. Re2 Be3+ 31. Kh1 b4 32. Rf1 bxa3 33. bxa3 Qb8 34. Qf3 Rf6 35. Qxf6 gxf6 36. g3 Qb7+ 37. Rg2 Rc8 0-1

[Event "March of Kings"]
[Site "Edmonton CAN"]
[Date "2009.03.14"]
[Round "1"]
[White "Sequillion, Aaron"]
[Black "Swiecicki, Bronislaw"]
[Result "1-0"]
[WhiteElo "1979"]
[BlackElo "1519"]
[PlyCount "116"]
[GameId "2160767910231563"]
[EventDate "2009.03.14"]
[EventType "swiss"]
[EventRounds "5"]
[EventCountry "CAN"]
[SourceTitle "EXT 2011"]
[Source "ChessBase"]
[SourceDate "2011.11.26"]
[SourceVersion "1"]
[SourceVersionDate "2011.11.26"]
[SourceQuality "1"]

1. e4 e5 2. Nf3 Nc6 3. Bb5 Nf6 4. O-O d6 5. d4 exd4 6. Nxd4 Bd7 7. Nc3 a6 8. Bxc6 bxc6 9. Bg5 Be7 10. Qf3 O-O 11. Rfe1 Ne8 12. Bxe7 Qxe7 13. e5 d5 14. Nb3 Rb8 15. Na4 Rb5 16. Qe3 Bf5 17. Nd4 Qb4 18. b3 Bd7 19. Nxb5 axb5 20. Nc5 d4 21. Nd3 dxe3 22. Nxb4 exf2+ 23. Kxf2 c5 24. Na6 c4 25. Rad1 Be6 26. Rd8 g6 27. Nc5 Bf5 28. Nd7 Bxd7 29. Rxd7 cxb3 30. cxb3 c6 31. Rc1 Ng7 32. Rxc6 Ne6 33. Rb6 Ra8 34. Rxb5 Rxa2+ 35. Kg3 Rb2 36. Rb8+ Kg7 37. Rbb7 Ng5 38. h4 Ne4+ 39. Kf4 Nc5 40. Rxf7+ Kg8 41. Rg7+ Kf8 42. Rxh7 Nxb7 43. Rxb7 Rxg2 44. e6 Re2 45. e7+ Ke8 46. Kg5 Re6 47. b4 Kf7 48. b5 Re5+ 49. Kf4 Rc5 50. b6 Rc4+ 51. Ke3 Rxh4 52. Rc7 Rb4 53. b7 Rb5 54. Kd3 Rb1 55. e8=Q+ Kxe8 56. Rc8+ Kf7 57. b8=Q Rxb8 58. Rxb8 Kf6 1-0

[Event "March of Kings"]
[Site "Edmonton CAN"]
[Date "2009.03.14"]
[Round "2"]
[White "Karmali, Hafiz"]
[Black "Beaudin, Jesse"]
[Result "0-1"]
[WhiteElo "2022"]
[BlackElo "1915"]
[PlyCount "126"]
[GameId "2160767910231565"]
[EventDate "2009.03.14"]
[EventType "swiss"]
[EventRounds "5"]
[EventCountry "CAN"]
[SourceTitle "EXT 2011"]
[Source "ChessBase"]
[SourceDate "2011.11.26"]
[SourceVersion "1"]
[SourceVersionDate "2011.11.26"]
[SourceQuality "1"]

1. d4 d5 2. e3 Nf6 3. Bd3 c5 4. c3 Nbd7 5. f4 e6 6. Nf3 g6 7. O-O Bg7 8. Nbd2 O-O 9. Ne5 Qc7 10. Qe1 b6 11. Qh4 Bb7 12. Rf3 Ne4 13. Rh3 h5 14. g4 Bf6 15. g5 Bxe5 16. fxe5 Qc6 17. Be2 Kg7 18. Nxe4 dxe4 19. Bd2 Rad8 20. Rf1 Qa4 21. Bxh5 Rh8 22. Qf4 Rdf8 23. Bg4 Rxh3 24. Bxh3 Qxa2 25. Rf2 Qxb2 26. Bf1 a5 27. h4 a4 28. Rh2 a3 29. Be1 Qb1 30. Qf2 a2 31. Qxa2 Qxe1 32. Qd2 Qxd2 33. Rxd2 Rh8 34. Rh2 Ra8 35. Rc2 Ra1 36. Kf2 Ba6 37. Bxa6 Rxa6 38. Kg3 Ra1 39. Kf4 Rh1 40. Kxe4 Rxh4+ 41. Kf3 Rh3+ 42. Kf4 Kf8 43. c4 cxd4 44. exd4 Rh4+ 45. Ke3 Rg4 46. Ra2 Rxg5 47. Ra8+ Ke7 48. Ra7 Rg3+ 49. Kd2 Kd8 50. Ra8+ Kc7 51. Ra7+ Kc8 52. Ra8+ Nb8 53. Ra7 Rf3 54. Ke2 Rf5 55. Ke3 g5 56. Ke4 Nc6 57. Ra8+ Kb7 58. Rg8 Rf4+ 59. Ke3 Rxd4 60. Rxg5 Rxc4 61. Kd3 Rc5 62. Ke4 Rxe5+ 63. Rxe5 Nxe5 0-1

[Event "March of Kings"]
[Site "Edmonton CAN"]
[Date "2009.03.14"]
[Round "2"]
[White "Ristovic, Nenad"]
[Black "Pedersen, Rick"]
[Result "1-0"]
[WhiteElo "2312"]
[BlackElo "2019"]
[PlyCount "83"]
[GameId "2160767910231566"]
[EventDate "2009.03.14"]
[EventType "swiss"]
[EventRounds "5"]
[EventCountry "CAN"]
[SourceTitle "EXT 2011"]
[Source "ChessBase"]
[SourceDate "2011.11.26"]
[SourceVersion "1"]
[SourceVersionDate "2011.11.26"]
[SourceQuality "1"]

1. d4 Nf6 2. c4 g6 3. Nc3 Bg7 4. g3 c6 5. Bg2 O-O 6. Nf3 d5 7. O-O Nbd7 8. cxd5 cxd5 9. Qb3 e6 10. Bf4 Nb6 11. Nb5 Ne8 12. Rac1 Nc4 13. Na3 Na5 14. Qc3 Nc6 15. Ne5 Bd7 16. Nxc6 Bxc6 17. Rfd1 g5 18. Be3 Nd6 19. Qd2 f6 20. f3 Qe8 21. b3 Qg6 22. Nb1 Nf5 23. Bf2 Nd6 24. Nc3 Rf7 25. Re1 f5 26. Qd3 Raf8 27. a4 a6 28. Na2 h5 29. Nb4 Be8 30. Rc5 b6 31. Rc2 a5 32. Nc6 Rc7 33. Ne5 Bxe5 34. Rxc7 Bxg3 35. hxg3 Qh6 36. Qe3 f4 37. gxf4 gxf4 38. Qe5 Nf5 39. Bh3 h4 40. Kh2 Rf6 41. Bxf5 Rxf5 42. Rg1+ 1-0

[Event "March of Kings"]
[Site "Edmonton CAN"]
[Date "2009.03.14"]
[Round "2"]
[White "Scholz, Mike"]
[Black "Cai, Tony"]
[Result "0-1"]
[WhiteElo "1451"]
[BlackElo "1776"]
[PlyCount "126"]
[GameId "2160767910231567"]
[EventDate "2009.03.14"]
[EventType "swiss"]
[EventRounds "5"]
[EventCountry "CAN"]
[SourceTitle "EXT 2011"]
[Source "ChessBase"]
[SourceDate "2011.11.26"]
[SourceVersion "1"]
[SourceVersionDate "2011.11.26"]
[SourceQuality "1"]

1. e4 c5 2. Nc3 Nc6 3. Be2 d6 4. Bb5 Nf6 5. d3 Bd7 6. Nf3 g6 7. O-O Bg7 8. Bf4 Nd4 9. Bxd7+ Nxd7 10. Nd5 Ne6 11. c3 Nxf4 12. Nxf4 O-O 13. Ng5 Qe8 14. Nd5 Rc8 15. f4 h6 16. Nh3 f5 17. Qb3 c4 18. dxc4 e6 19. Ne3 Nc5 20. Qc2 Nxe4 21. Nf2 Nf6 22. Rad1 Qe7 23. Rd2 Rfd8 24. Re1 e5 25. Nf1 Qc7 26. fxe5 dxe5 27. Rxd8+ Rxd8 28. b3 e4 29. Rd1 Rxd1 30. Qxd1 f4 31. Nxe4 Nxe4 32. Qd5+ Qf7 33. Qxe4 Bxc3 34. Qd5 Qxd5 35. cxd5 Bd4+ 36. Kh1 Kf7 37. Nd2 Ke7 38. Nf3 Bf6 39. Kg1 Kd6 40. Kf1 Kxd5 41. Ke2 b5 42. Kd3 a5 43. g4 Kc5 44. h4 Kb4 45. Kc2 Ka3 46. Kb1 Kb4 47. Kc2 Ka3 48. Kb1 Bg7 49. Nd2 Bc3 50. Nf3 b4 51. h5 g5 52. Nh2 a4 53. bxa4 Kxa4 54. Nf3 Kb5 55. Kc2 Kc4 56. Ng1 Kd4 57. Kd1 Ke3 58. Kc2 f3 59. Nh3 f2 60. Nxf2 Kxf2 61. Kb3 Kf3 62. a4 bxa3 63. Kxc3 Kxg4 0-1

[Event "March of Kings"]
[Site "Edmonton CAN"]
[Date "2009.03.14"]
[Round "2"]
[White "Swiecicki, Bronislaw"]
[Black "MacFie, Bob"]
[Result "1/2-1/2"]
[WhiteElo "1519"]
[BlackElo "1798"]
[PlyCount "130"]
[GameId "2160767910231568"]
[EventDate "2009.03.14"]
[EventType "swiss"]
[EventRounds "5"]
[EventCountry "CAN"]
[SourceTitle "EXT 2011"]
[Source "ChessBase"]
[SourceDate "2011.11.26"]
[SourceVersion "1"]
[SourceVersionDate "2011.11.26"]
[SourceQuality "1"]

1. d4 d5 2. Nf3 Nc6 3. b3 Bf5 4. Bb2 e6 5. c4 Nf6 6. e3 Bxb1 7. Rxb1 Bb4+ 8. Nd2 Ne4 9. Bc1 Nc3 10. Qc2 Nxb1 11. Qxb1 O-O 12. a3 Be7 13. Bd3 g6 14. O-O Re8 15. b4 Bf8 16. Bb2 Bg7 17. b5 Nb8 18. Qa1 c6 19. a4 Nd7 20. Rc1 Rc8 21. e4 Nf6 22. f3 Bh6 23. Rc2 Nh5 24. g3 Qg5 25. Nf1 Qe7 26. Qa2 Qd7 27. f4 dxe4 28. Bxe4 Bg7 29. Rd2 Qc7 30. Bf3 Nf6 31. Ne3 Red8 32. Qa1 Ne8 33. d5 Bxb2 34. Qxb2 cxd5 35. cxd5 Qb6 36. Qd4 Qxd4 37. Rxd4 Rc3 38. Kf2 Nf6 39. d6 Rd7 40. a5 Ra3 41. a6 bxa6 42. Bc6 Rd8 43. d7 axb5 44. Bxb5 Ra5 45. Ba4 Rxa4 46. Rxa4 Rxd7 47. Kf3 Kf8 48. g4 h5 49. h3 hxg4+ 50. hxg4 Ke7 51. Ra6 Ne8 52. Nc4 Rc7 53. Ne5 Nd6 54. Nc6+ Kd7 55. Nxa7 f6 56. Rxd6+ Kxd6 57. Nb5+ Kc6 58. Nxc7 Kxc7 59. Ke4 Kd6 60. g5 Ke7 61. Kd4 Kf7 62. Ke4 Kg7 63. Kd4 e5+ 64. fxe5 fxg5 65. Ke4 Kf7 1/2-1/2

[Event "March of Kings"]
[Site "Edmonton CAN"]
[Date "2009.03.14"]
[Round "2"]
[White "Vasilev, Stephan"]
[Black "Sequillion, Aaron"]
[Result "1-0"]
[WhiteElo "2176"]
[BlackElo "1979"]
[PlyCount "53"]
[GameId "2160767910231569"]
[EventDate "2009.03.14"]
[EventType "swiss"]
[EventRounds "5"]
[EventCountry "CAN"]
[SourceTitle "EXT 2011"]
[Source "ChessBase"]
[SourceDate "2011.11.26"]
[SourceVersion "1"]
[SourceVersionDate "2011.11.26"]
[SourceQuality "1"]

1. e4 c5 2. Nf3 d6 3. d4 cxd4 4. Nxd4 Nf6 5. Nc3 a6 6. g3 b5 7. Bg2 Bb7 8. O-O e6 9. a3 Qc7 10. f4 Nbd7 11. Kh1 Be7 12. g4 Nb6 13. g5 Nfd7 14. f5 e5 15. Nde2 f6 16. Ng3 O-O-O 17. a4 b4 18. Nd5 Nxd5 19. exd5 Nb6 20. a5 Nc4 21. b3 Nxa5 22. Bd2 Qc5 23. Be1 fxg5 24. Ra4 Nc6 25. dxc6 Bxc6 26. Bxb4 Bxg2+ 27. Kxg2 1-0

[Event "March of Kings"]
[Site "Edmonton CAN"]
[Date "2009.03.14"]
[Round "2"]
[White "Yearwood, Roy"]
[Black "Lazo, Jan Edmund"]
[Result "0-1"]
[WhiteElo "2047"]
[BlackElo "1933"]
[PlyCount "83"]
[GameId "2160767910231570"]
[EventDate "2009.03.14"]
[EventType "swiss"]
[EventRounds "5"]
[EventCountry "CAN"]
[SourceTitle "EXT 2011"]
[Source "ChessBase"]
[SourceDate "2011.11.26"]
[SourceVersion "1"]
[SourceVersionDate "2011.11.26"]
[SourceQuality "1"]

1. Nf3 Nf6 2. c4 e6 3. g3 d5 4. Bg2 Bd6 5. d4 c6 6. O-O O-O 7. Qc2 Nbd7 8. Nc3 dxc4 9. e4 e5 10. a4 Re8 11. Rd1 Qc7 12. dxe5 Bxe5 13. Nxe5 Nxe5 14. f4 Nd3 15. h3 Nh5 16. Kh2 Bd7 17. Be3 Rad8 18. Ne2 Nf6 19. e5 Nd5 20. Bxd5 cxd5 21. Rxd3 Bf5 22. Rc1 Bxd3 23. Qd2 Bxe2 24. Qxe2 d4 25. Rxc4 Qxc4 26. Qxc4 dxe3 27. Kg2 Rd2+ 28. Kf3 e2 29. Kf2 Red8 30. Qc3 h6 31. Ke1 R2d3 32. Qc7 R3d7 33. Qc2 Rd3 34. Kxe2 Rxg3 35. Qc7 Rdd3 36. Qc8+ Kh7 37. Qxb7 Rb3 38. Qxf7 Rxb2+ 39. Kf1 Rc3 40. Qf5+ Kg8 41. Qe6+ Kh8 42. Qe8+ 0-1

[Event "March of Kings"]
[Site "Edmonton CAN"]
[Date "2009.03.14"]
[Round "3"]
[White "Lazo, Jan Edmund"]
[Black "Ristovic, Nenad"]
[Result "1-0"]
[WhiteElo "1933"]
[BlackElo "2312"]
[PlyCount "101"]
[GameId "2160767910231572"]
[EventDate "2009.03.14"]
[EventType "swiss"]
[EventRounds "5"]
[EventCountry "CAN"]
[SourceTitle "EXT 2011"]
[Source "ChessBase"]
[SourceDate "2011.11.26"]
[SourceVersion "1"]
[SourceVersionDate "2011.11.26"]
[SourceQuality "1"]

1. e4 e6 2. d4 d5 3. e5 c5 4. c3 Qb6 5. Nf3 Nc6 6. Be2 cxd4 7. cxd4 Nge7 8. Nc3 Nf5 9. Na4 Qa5+ 10. Bd2 Bb4 11. Bc3 Bxc3+ 12. Nxc3 Qb6 13. Bb5 O-O 14. Bxc6 bxc6 15. Qd2 Qa6 16. b3 Qa3 17. O-O Qb4 18. Rfd1 c5 19. dxc5 Qxc5 20. Na4 Qa3 21. Qc1 Qb4 22. Qd2 Qa3 23. Qa5 Bd7 24. Qc5 Qxc5 25. Nxc5 Bb5 26. Rd2 Rfc8 27. Rc1 Rc7 28. a4 Be8 29. Rdc2 Rac8 30. g4 Ne7 31. Nd4 Ng6 32. Nd3 Rxc2 33. Rxc2 Rxc2 34. Nxc2 f6 35. f4 fxe5 36. fxe5 Kf7 37. Kf2 Bd7 38. Nd4 Bc8 39. b4 Bd7 40. b5 Ke7 41. Ke3 Kd8 42. Kd2 Kc7 43. Kc3 Bc8 44. Kb4 Nf8 45. Nc5 Kb8 46. Nc6+ Ka8 47. a5 Bb7 48. Nd4 Ng6 49. Nd3 Bc8 50. Kc5 Kb7 51. Kd6 1-0

[Event "March of Kings"]
[Site "Edmonton CAN"]
[Date "2009.03.14"]
[Round "3"]
[White "MacFie, Bob"]
[Black "Zhao, Kevin"]
[Result "1-0"]
[WhiteElo "1798"]
[BlackElo "582"]
[PlyCount "21"]
[GameId "2160767910231573"]
[EventDate "2009.03.14"]
[EventType "swiss"]
[EventRounds "5"]
[EventCountry "CAN"]
[SourceTitle "EXT 2011"]
[Source "ChessBase"]
[SourceDate "2011.11.26"]
[SourceVersion "1"]
[SourceVersionDate "2011.11.26"]
[SourceQuality "1"]

1. f4 Nc6 2. Nf3 f5 3. e4 fxe4 4. Ng5 Nf6 5. d3 exd3 6. Bxd3 e5 7. Nxh7 Nxh7 8. Qh5+ Ke7 9. Bxh7 d6 10. fxe5 Nxe5 11. Bg5+ 1-0

[Event "March of Kings"]
[Site "Edmonton CAN"]
[Date "2009.03.14"]
[Round "3"]
[White "Marshall, Jim"]
[Black "Scholz, Mike"]
[Result "0-1"]
[WhiteElo "1651"]
[BlackElo "1451"]
[PlyCount "32"]
[GameId "2160767910231574"]
[EventDate "2009.03.14"]
[EventType "swiss"]
[EventRounds "5"]
[EventCountry "CAN"]
[SourceTitle "EXT 2011"]
[Source "ChessBase"]
[SourceDate "2011.11.26"]
[SourceVersion "1"]
[SourceVersionDate "2011.11.26"]
[SourceQuality "1"]

1. e4 e5 2. Nf3 Nc6 3. d4 exd4 4. Bc4 Qe7 5. O-O Ne5 6. Nxe5 Qxe5 7. Qf3 Nf6 8. Bf4 Qc5 9. Nd2 d6 10. e5 Ng4 11. exd6 cxd6 12. Bxf7+ Kxf7 13. Bxd6+ Qf5 14. Qb3+ Qe6 15. Qf3+ Nf6 16. Ne4 Qxe4 0-1

[Event "March of Kings"]
[Site "Edmonton CAN"]
[Date "2009.03.14"]
[Round "3"]
[White "Moloney, Nicholas"]
[Black "Kaminski, Thomas"]
[Result "0-1"]
[WhiteElo "2228"]
[BlackElo "2103"]
[PlyCount "46"]
[GameId "2160767910231575"]
[EventDate "2009.03.14"]
[EventType "swiss"]
[EventRounds "5"]
[EventCountry "CAN"]
[SourceTitle "EXT 2011"]
[Source "ChessBase"]
[SourceDate "2011.11.26"]
[SourceVersion "1"]
[SourceVersionDate "2011.11.26"]
[SourceQuality "1"]

1. d4 Nf6 2. Bg5 Ne4 3. Bh4 d5 4. f3 Nf6 5. Nc3 Nc6 6. e3 e6 7. Nge2 Be7 8. Qd2 Na5 9. Nf4 c6 10. Bd3 h6 11. Bf2 b5 12. O-O Nc4 13. Bxc4 dxc4 14. Rad1 O-O 15. e4 a5 16. d5 exd5 17. exd5 b4 18. Na4 Nxd5 19. Nxd5 cxd5 20. Nb6 Ra6 21. Nxd5 Be6 22. c3 Bxd5 23. Qxd5 Rd6 0-1

[Event "March of Kings"]
[Site "Edmonton CAN"]
[Date "2009.03.14"]
[Round "3"]
[White "Razzaq, Ali"]
[Black "Karmali, Hafiz"]
[Result "0-1"]
[WhiteElo "1782"]
[BlackElo "2022"]
[PlyCount "70"]
[GameId "2160767910231576"]
[EventDate "2009.03.14"]
[EventType "swiss"]
[EventRounds "5"]
[EventCountry "CAN"]
[SourceTitle "EXT 2011"]
[Source "ChessBase"]
[SourceDate "2011.11.26"]
[SourceVersion "1"]
[SourceVersionDate "2011.11.26"]
[SourceQuality "1"]

1. d4 e6 2. c4 d5 3. Nc3 Nf6 4. Nf3 c6 5. e3 Bd6 6. Bd3 Nbd7 7. O-O O-O 8. Re1 Re8 9. a3 dxc4 10. Bxc4 e5 11. Ng5 Re7 12. Qf3 exd4 13. Nce4 Ne5 14. Nxf6+ gxf6 15. Qxf6 Bg4 16. Ba2 Bh5 17. h3 Nd3 18. Bb1 Bg6 19. Rd1 Be5 20. Qf3 Nxc1 21. Bxg6 hxg6 22. Raxc1 Qb6 23. exd4 Bxd4 24. Qf4 c5 25. b4 Be5 26. Qh4 cxb4 27. Re1 Qf6 28. axb4 Rae8 29. Kh1 Qh8 30. Qc4 Qf6 31. h4 Kg7 32. Re3 Rc7 33. Qf1 Rxc1 34. Qxc1 Bf4 35. Qc5 Qa1+ 0-1

[Event "March of Kings"]
[Site "Edmonton CAN"]
[Date "2009.03.14"]
[Round "3"]
[White "Sequillion, Aaron"]
[Black "Cai, Tony"]
[Result "0-1"]
[WhiteElo "1979"]
[BlackElo "1776"]
[PlyCount "58"]
[GameId "2160767910231577"]
[EventDate "2009.03.14"]
[EventType "swiss"]
[EventRounds "5"]
[EventCountry "CAN"]
[SourceTitle "EXT 2011"]
[Source "ChessBase"]
[SourceDate "2011.11.26"]
[SourceVersion "1"]
[SourceVersionDate "2011.11.26"]
[SourceQuality "1"]

1. e4 c5 2. Nf3 Nc6 3. d4 cxd4 4. Nxd4 Nf6 5. Nc3 e5 6. Ndb5 d6 7. Bg5 a6 8. Na3 b5 9. Nd5 Be7 10. Bxf6 Bxf6 11. c4 b4 12. Qa4 Bd7 13. Nxb4 Nd4 14. Qd1 Qa5 15. Qd2 Bg5 16. Qc3 O-O 17. Bd3 f5 18. O-O Qd8 19. f4 fxe4 20. fxg5 Qxg5 21. Kh1 exd3 22. Nxd3 Bc6 23. Rg1 Ne2 24. Qe1 Nxg1 25. Qxg1 h5 26. Nb4 Be4 27. Nd5 Rf5 28. Re1 Raf8 29. Nc3 Qxg2+ 0-1

[Event "March of Kings"]
[Site "Edmonton CAN"]
[Date "2009.03.14"]
[Round "3"]
[White "Zhao, Kevin"]
[Black "Ong, Simon"]
[Result "0-1"]
[WhiteElo "582"]
[BlackElo "1638"]
[PlyCount "44"]
[GameId "2160767910231578"]
[EventDate "2009.03.14"]
[EventType "swiss"]
[EventRounds "5"]
[EventCountry "CAN"]
[SourceTitle "EXT 2011"]
[Source "ChessBase"]
[SourceDate "2011.11.26"]
[SourceVersion "1"]
[SourceVersionDate "2011.11.26"]
[SourceQuality "1"]

1. e4 c5 2. c4 Nc6 3. Nc3 Nf6 4. Nf3 d6 5. d3 Bg4 6. h3 Bxf3 7. Qxf3 g6 8. b3 Bg7 9. Bb2 O-O 10. Nb5 a6 11. Na3 Nd4 12. Qe3 Nd7 13. Qd2 Nb8 14. Nc2 Nbc6 15. Ne3 e6 16. Ng4 h5 17. Nh6+ Kh7 18. Bc1 b5 19. Rb1 bxc4 20. bxc4 Rb8 21. Rxb8 Qxb8 22. g4 Nf3+ 0-1

[Event "March of Kings"]
[Site "Edmonton CAN"]
[Date "2009.03.15"]
[Round "4"]
[White "Cai, Tony"]
[Black "Vasilev, Stephan"]
[Result "0-1"]
[WhiteElo "1776"]
[BlackElo "2176"]
[PlyCount "54"]
[GameId "2160767910231579"]
[EventDate "2009.03.14"]
[EventType "swiss"]
[EventRounds "5"]
[EventCountry "CAN"]
[SourceTitle "EXT 2011"]
[Source "ChessBase"]
[SourceDate "2011.11.26"]
[SourceVersion "1"]
[SourceVersionDate "2011.11.26"]
[SourceQuality "1"]

1. d4 Nf6 2. c4 g6 3. Nc3 Bg7 4. e4 d6 5. f3 O-O 6. Be3 Nc6 7. Qd2 a6 8. Nge2 Rb8 9. g4 b5 10. cxb5 axb5 11. a3 b4 12. axb4 Nxb4 13. h4 h5 14. gxh5 Nxh5 15. Rg1 e5 16. Bg5 Bf6 17. d5 Kh7 18. Na2 c5 19. Nxb4 Rxb4 20. Ng3 Bxg5 21. hxg5 Nxg3 22. Rxg3 Kg7 23. Bg2 Qb6 24. Rb1 Rb3 25. Bf1 Rh8 26. Qc2 Qb4+ 27. Kf2 Rh2+ 0-1

[Event "March of Kings"]
[Site "Edmonton CAN"]
[Date "2009.03.15"]
[Round "4"]
[White "Daniluk, Jim"]
[Black "MacFie, Bob"]
[Result "1/2-1/2"]
[WhiteElo "2007"]
[BlackElo "1798"]
[PlyCount "69"]
[GameId "2160767910231580"]
[EventDate "2009.03.14"]
[EventType "swiss"]
[EventRounds "5"]
[EventCountry "CAN"]
[SourceTitle "EXT 2011"]
[Source "ChessBase"]
[SourceDate "2011.11.26"]
[SourceVersion "1"]
[SourceVersionDate "2011.11.26"]
[SourceQuality "1"]

1. d4 d5 2. Nf3 Nc6 3. c4 Bg4 4. e3 e5 5. dxe5 dxc4 6. Qa4 Bxf3 7. gxf3 Qd5 8. Be2 b5 9. Nc3 bxa4 10. Nxd5 O-O-O 11. Nc3 Nxe5 12. O-O Bc5 13. Nxa4 Bb6 14. b3 cxb3 15. Bb2 f6 16. f4 Nf7 17. axb3 Ne7 18. Bg4+ Kb8 19. Bf3 Nc8 20. Ra2 Rd3 21. Rfa1 Re8 22. b4 Nfd6 23. Bc6 Re7 24. Nc5 Bxc5 25. bxc5 Ne4 26. Ra5 Rb3 27. Bd4 Nc3 28. Bxc3 Rxc3 29. Rb5+ Nb6 30. cxb6 cxb6 31. Bd5 f5 32. Bg8 g6 33. Rd5 Rc8 34. Be6 Rxe6 35. Rd7 1/2-1/2

[Event "March of Kings"]
[Site "Edmonton CAN"]
[Date "2009.03.15"]
[Round "4"]
[White "Razzaq, Ali"]
[Black "Sequillion, Aaron"]
[Result "0-1"]
[WhiteElo "1782"]
[BlackElo "1979"]
[PlyCount "120"]
[GameId "2160767910231582"]
[EventDate "2009.03.14"]
[EventType "swiss"]
[EventRounds "5"]
[EventCountry "CAN"]
[SourceTitle "EXT 2011"]
[Source "ChessBase"]
[SourceDate "2011.11.26"]
[SourceVersion "1"]
[SourceVersionDate "2011.11.26"]
[SourceQuality "1"]

1. d4 Nf6 2. c4 g6 3. Nc3 Bg7 4. e4 d6 5. Be2 O-O 6. Nf3 e5 7. O-O Nc6 8. Be3 h6 9. h3 Kh7 10. Qd2 Nxe4 11. Nxe4 f5 12. Neg5+ hxg5 13. Bxg5 Qe8 14. dxe5 dxe5 15. Rad1 e4 16. Nh2 Nd4 17. Rfe1 b6 18. Bd3 Ne6 19. Bxe4 fxe4 20. Rxe4 Bb7 21. Rh4+ Kg8 22. Re1 Qc6 23. Rg4 Nxg5 24. Qxg5 Qf6 25. Qxf6 Rxf6 26. Re7 Rc8 27. b3 Kf8 28. Rd7 Bc6 29. Rd2 Re6 30. Rf4+ Kg8 31. Rg4 Re1+ 32. Nf1 Kh7 33. a3 Rce8 34. b4 Ra1 35. b5 Bb7 36. Rd7 Ree1 37. Rxc7 Rxf1+ 38. Kh2 Rh1+ 39. Kg3 Rxa3+ 40. Kf4 Bxg2 41. Rxg2 Rhxh3 42. Ke4 Rh4+ 43. Kd5 Rh5+ 44. Kc6 Rc5+ 45. Kb7 Rxc7+ 46. Kxc7 Rc3 47. Kb7 Rxc4 48. Kxa7 Bd4 49. Rg4 Kh6 50. Re4 Kg5 51. f3 Kf5 52. Re8 Bc5 53. Rg8 Rf4 54. Rd8 Rxf3 55. Rd5+ Ke4 56. Rg5 Rf6 57. Kb7 Kf4 58. Rd5 g5 59. Kc7 g4 60. Rd7 g3 0-1

[Event "March of Kings"]
[Site "Edmonton CAN"]
[Date "2009.03.15"]
[Round "5"]
[White "Kalaydina, Regina Veronicka"]
[Black "Sequillion, Aaron"]
[Result "1/2-1/2"]
[WhiteElo "1758"]
[BlackElo "1979"]
[PlyCount "93"]
[GameId "2160767910231584"]
[EventDate "2009.03.14"]
[EventType "swiss"]
[EventRounds "5"]
[EventCountry "CAN"]
[SourceTitle "EXT 2011"]
[Source "ChessBase"]
[SourceDate "2011.11.26"]
[SourceVersion "1"]
[SourceVersionDate "2011.11.26"]
[SourceQuality "1"]

1. e4 c5 2. Nf3 d6 3. d4 cxd4 4. Nxd4 Nf6 5. f3 Nc6 6. c4 Qb6 7. Nc2 g6 8. Nc3 Bg7 9. Nb5 a6 10. Be3 Qa5+ 11. Nc3 O-O 12. Be2 Be6 13. O-O Ne5 14. Nd5 Bxd5 15. cxd5 b5 16. Nd4 Rfc8 17. f4 Nc4 18. Bxc4 Rxc4 19. Nc6 Qc7 20. e5 Nxd5 21. Nxe7+ Qxe7 22. Qxd5 Re8 23. Rfe1 dxe5 24. fxe5 Rd8 25. Qf3 Bxe5 26. Kh1 Rh4 27. g3 Rh5 28. Bf4 f6 29. Bxe5 Rxe5 30. Rxe5 fxe5 31. Qe4 Qd6 32. Re1 Qd5 33. Qxd5+ Rxd5 34. Re2 Kf7 35. Kg2 e4 36. Kf2 Re5 37. Ke3 Ke6 38. Kd4 e3 39. Rxe3 Rxe3 40. Kxe3 Ke5 41. b4 h5 42. h4 Kf5 43. Kf3 g5 44. a3 g4+ 45. Ke3 Ke5 46. Kd3 Kd5 47. Ke3 1/2-1/2